[Event "Solingen-ch 2012"]
[Site "Solingen"]
[Date "2012.09.14"]
[Round "1.1"]
[White "Berg, Michael"]
[Black "Nettekoven, Dr. Wolfgang"]
[Result "1-0"]
[WhiteElo "2311"]
[BlackElo "1776"]
[PlyCount "71"]
[EventDate "2012.??.??"]
[WhiteTeam "SG Solingen"]
[BlackTeam "Pulheimer SC"]

1. d4 Nf6 2. c4 g6 3. Nc3 Bg7 4. e4 d6 5. Nf3 O-O 6. Be2 e5 7. O-O Nc6 8. d5
Ne7 9. Ne1 Ne8 10. Nd3 f5 11. Bd2 Nf6 12. f3 f4 13. g4 fxg3 14. hxg3 Qd7 15.
Nf2 Nh5 16. Kg2 Rf7 17. Rh1 Nf6 18. Bf1 b6 19. Kh2 c6 20. Be3 cxd5 21. cxd5 h6
22. Rc1 g5 23. Bh3 Qd8 24. Be6 Bxe6 25. dxe6 Rf8 26. Kg2 d5 27. exd5 Nexd5 28.
Qe2 Nxe3+ 29. Qxe3 Nd5 30. Qe4 Nxc3 31. Rxc3 Qd4 32. Rc7 Qxe4 33. Nxe4 Rfe8 34.
e7 Rec8 35. Rxc8+ Rxc8 36. Nd6 1-0

[Event "Solingen-ch 2012"]
[Site "Solingen"]
[Date "2012.09.14"]
[Round "1.2"]
[White "Maj, Kornel"]
[Black "Kniest, Oliver"]
[Result "0-1"]
[WhiteElo "1755"]
[BlackElo "2289"]
[PlyCount "62"]
[EventDate "2012.??.??"]
[WhiteTeam "ESG 1851"]
[BlackTeam "SG Solingen"]

1. Nf3 c5 2. g3 Nc6 3. Bg2 e5 4. d3 g6 5. c4 Bg7 6. Nc3 Nge7 7. O-O d6 8. Rb1
O-O 9. Ne1 Be6 10. Nc2 d5 11. cxd5 Nxd5 12. Ne3 Nde7 13. a3 a5 14. Na4 b6 15.
Nc3 Rb8 16. a4 f5 17. Nc4 h6 18. Qd2 Nd4 19. b3 f4 20. Be4 Qd7 21. f3 h5 22.
Rf2 Bh3 23. e3 Ndf5 24. Nxe5 Bxe5 25. gxf4 Bf6 26. Bb2 Rbd8 27. Kh1 Nd6 28.
Bd5+ Be6 29. Bxe6+ Qxe6 30. Rg2 Qxb3 31. Rbg1 Nc4 0-1

[Event "Solingen-ch 2012"]
[Site "Solingen"]
[Date "2012.09.14"]
[Round "1.3"]
[White "Lemanczyk, Thomas"]
[Black "Brinkmann, Katharina"]
[Result "1-0"]
[WhiteElo "2267"]
[BlackElo "1545"]
[PlyCount "51"]
[EventDate "2012.??.??"]
[WhiteTeam "SF Gerresheim"]
[BlackTeam "SF Köln-Mülheim"]

1. Nf3 e6 2. c4 d5 3. d4 Nf6 4. g3 c5 5. cxd5 Qxd5 6. Nc3 Qc6 7. e4 a6 8. d5
exd5 9. exd5 Qb6 10. Bg2 Be7 11. O-O O-O 12. a4 Bg4 13. a5 Qc7 14. Qb3 Nbd7 15.
Bf4 Bd6 16. Bxd6 Qxd6 17. Nd2 b5 18. axb6 Nxb6 19. Nce4 Nxe4 20. Nxe4 c4 21.
Nxd6 cxb3 22. Rfc1 Nxd5 23. Bxd5 Rfd8 24. Bxa8 Rxa8 25. Rc3 Rd8 26. Rxa6 1-0

[Event "Solingen-ch 2012"]
[Site "Solingen"]
[Date "2012.09.14"]
[Round "1.4"]
[White "Müller, Ernst"]
[Black "Kappelt, Jörg"]
[Result "0-1"]
[WhiteElo "1528"]
[BlackElo "2174"]
[PlyCount "56"]
[EventDate "2012.??.??"]
[WhiteTeam "SG Solingen"]
[BlackTeam "SV 1922 Hilden"]

1. e4 g6 2. d4 Bg7 3. Bc4 d6 4. c3 Nf6 5. Nd2 O-O 6. Ngf3 Nc6 7. Qc2 e5 8. d5
Nb8 9. O-O Nh5 10. Nb3 Nf4 11. Re1 g5 12. Kh1 Nd7 13. g3 Nh3 14. Bf1 g4 15. Ng1
Nxg1 16. Kxg1 Qf6 17. Qe2 Qg6 18. Qe3 h6 19. Bg2 Nf6 20. c4 b6 21. Bd2 Bd7 22.
Nc1 Nh7 23. Nd3 f5 24. exf5 Bxf5 25. Be4 Ng5 26. Bxf5 Rxf5 27. Kg2 Rf3 28. Qe2
Qxd3 0-1

[Event "Solingen-ch 2012"]
[Site "Solingen"]
[Date "2012.09.14"]
[Round "1.5"]
[White "Görke, Joachim"]
[Black "Weyer, Norbert"]
[Result "1-0"]
[WhiteElo "2149"]
[BlackElo "1519"]
[PlyCount "71"]
[EventDate "2012.??.??"]
[WhiteTeam "SG Solingen"]
[BlackTeam "Mettmann-Sport"]

1. e4 c5 2. Nf3 d6 3. d4 cxd4 4. Nxd4 Nf6 5. Nc3 a6 6. Bg5 e6 7. f4 Be7 8. Qf3
Nfd7 9. h4 Nc6 10. Nxc6 bxc6 11. e5 d5 12. O-O-O Rb8 13. Qf2 h6 14. Bxe7 Qxe7
15. a3 O-O 16. g4 Qc5 17. Qxc5 Nxc5 18. Bh3 a5 19. h5 Bd7 20. g5 Kh7 21. Rd4
Rb7 22. Na4 Ne4 23. Rxe4 dxe4 24. Bg2 e3 25. Nc5 Ra7 26. Re1 Rd8 27. Rxe3 Be8
28. Ne4 Rad7 29. Nd6 Rxd6 30. exd6 Rxd6 31. Re5 Rd4 32. Be4+ Kg8 33. c3 Rd6 34.
Rxa5 Kf8 35. Re5 hxg5 36. fxg5 1-0

[Event "Solingen-ch 2012"]
[Site "Solingen"]
[Date "2012.09.14"]
[Round "1.6"]
[White "Kaiser, Stephan"]
[Black "Neumair, Jerome"]
[Result "0-1"]
[WhiteElo "1484"]
[BlackElo "2077"]
[PlyCount "70"]
[EventDate "2012.??.??"]
[WhiteTeam "SG Solingen"]
[BlackTeam "SG Solingen"]

1. d4 d5 2. c4 e6 3. Nc3 c6 4. Bf4 dxc4 5. e3 b5 6. Nf3 Bb7 7. Be2 Nd7 8. O-O
Ngf6 9. Qc2 Be7 10. a4 a6 11. h3 O-O 12. Ne5 Nd5 13. Nxd5 cxd5 14. b3 Nxe5 15.
Bxe5 Bc6 16. axb5 axb5 17. Bf3 Qb6 18. Rfb1 Rxa1 19. Rxa1 Ra8 20. Rxa8+ Bxa8
21. Qa2 Bb7 22. Qb2 b4 23. Be2 Qc6 24. Qa2 Ba6 25. f3 c3 26. Bd1 Bd3 27. Bc2
Bxc2 28. Qxc2 Qa6 29. Kf2 Qa1 30. Ke2 Qg1 31. Kd3 Qf1+ 32. Qe2 Qa1 33. e4 Bg5
34. f4 Qb1+ 35. Qc2 dxe4+ 0-1

[Event "Solingen-ch 2012"]
[Site "Solingen"]
[Date "2012.09.14"]
[Round "1.7"]
[White "Speck, Stefan"]
[Black "Mix, Lothar"]
[Result "1-0"]
[WhiteElo "1994"]
[BlackElo "1456"]
[PlyCount "45"]
[EventDate "2012.??.??"]
[WhiteTeam "SC Solingen 1928"]
[BlackTeam "SG Solingen"]

1. d4 d5 2. c4 e6 3. Nf3 Nf6 4. Nc3 dxc4 5. e4 c6 6. Bxc4 h6 7. O-O b5 8. Bd3
Bb7 9. Re1 Be7 10. Qe2 O-O 11. e5 Nh7 12. Qe4 g6 13. Bxh6 Qd7 14. Qg4 Qe8 15.
h4 Nd7 16. h5 Ndf6 17. exf6 Nxf6 18. Qf4 Nxh5 19. Qc7 Rb8 20. Bxf8 Qxf8 21. Ne4
Nf4 22. Qxf4 Qg7 23. Qxb8+ 1-0

[Event "Solingen-ch 2012"]
[Site "Solingen"]
[Date "2012.09.14"]
[Round "1.9"]
[White "Winkler, Fabian"]
[Black "Wolf, Wieland"]
[Result "1-0"]
[WhiteElo "1976"]
[BlackElo "1370"]
[PlyCount "59"]
[EventDate "2012.??.??"]
[WhiteTeam "SG Solingen"]
[BlackTeam "SG Solingen"]

1. d4 d5 2. Nf3 Nf6 3. c4 g6 4. Nc3 Bg7 5. cxd5 Nxd5 6. e4 Nxc3 7. bxc3 O-O 8.
h3 b6 9. Bc4 Bb7 10. Qe2 c5 11. Bb2 cxd4 12. cxd4 Nc6 13. Rd1 Na5 14. Bd3 Rc8
15. O-O Nc6 16. d5 Nb4 17. Bxg7 Kxg7 18. Qb2+ Kg8 19. Qxb4 Rc5 20. Rc1 Rc7 21.
Qa3 Ba8 22. Rxc7 Qxc7 23. Rc1 Qd7 24. Ne5 Qd8 25. Nc6 Bxc6 26. Rxc6 Qd7 27. Qc3
Qb7 28. Rc7 Qb8 29. Ba6 Qd8 30. Rxa7 1-0

[Event "Solingen-ch 2012"]
[Site "Solingen"]
[Date "2012.09.14"]
[Round "1.10"]
[White "Ehringfeld, Michael"]
[Black "Boschek, Dr. Hans-Joachim"]
[Result "0-1"]
[WhiteElo "1367"]
[BlackElo "1931"]
[PlyCount "102"]
[EventDate "2012.??.??"]
[WhiteTeam "SG Solingen"]
[BlackTeam "SV 1922 Hilden"]

1. d4 Nf6 2. Nf3 e6 3. Bg5 h6 4. Bxf6 Qxf6 5. e3 d5 6. Bd3 Bd6 7. Nbd2 O-O 8.
c3 c5 9. dxc5 Bxc5 10. Qc2 e5 11. e4 Be6 12. exd5 Bxd5 13. Ne4 Bxe4 14. Bxe4
Nc6 15. O-O Rad8 16. Rad1 Qf4 17. Rfe1 Rxd1 18. Qxd1 Rd8 19. Qe2 Bd6 20. Bxc6
bxc6 21. g3 Qf5 22. Rd1 Qg4 23. Kg2 e4 24. Nd4 Qxe2 25. Nxe2 c5 26. c4 Be7 27.
Rxd8+ Bxd8 28. b3 Kf8 29. Nc3 f5 30. Nd5 Kf7 31. f3 Ke6 32. Kf2 exf3 33. Kxf3
Ke5 34. Ke3 Bg5+ 35. Kf3 Bd8 36. h3 g5 37. Ke3 h5 38. b4 cxb4 39. Nxb4 Bb6+ 40.
Kd3 f4 41. gxf4+ Kxf4 42. Nd5+ Kg3 43. Nxb6 axb6 44. a4 g4 45. hxg4 Kxg4 46. a5
bxa5 47. c5 Kf5 48. Kd4 Ke6 49. Kc4 Kd7 50. Kb5 h4 51. Kb6 Kc8 0-1

[Event "Solingen-ch 2012"]
[Site "Solingen"]
[Date "2012.09.14"]
[Round "1.11"]
[White "Große-Hering, Peter"]
[Black "Barche, Uwe"]
[Result "1-0"]
[WhiteElo "1928"]
[BlackElo "1112"]
[PlyCount "29"]
[EventDate "2012.??.??"]
[WhiteTeam "SV Horst-Emscher 31"]
[BlackTeam "SG Solingen"]

1. e4 e6 2. d3 c5 3. g3 Nc6 4. Bg2 Nge7 5. Nf3 Ng6 6. O-O d5 7. Nbd2 Be7 8. Re1
d4 9. e5 O-O 10. h4 f6 11. exf6 Bxf6 12. Ne4 b6 13. Nfg5 Qc7 14. Qh5 h6 15.
Qxg6 1-0

[Event "Solingen-ch 2012"]
[Site "Solingen"]
[Date "2012.09.14"]
[Round "1.12"]
[White "Barche, Robert"]
[Black "Andrä, Philipp"]
[Result "0-1"]
[WhiteElo "1107"]
[BlackElo "1894"]
[PlyCount "78"]
[EventDate "2012.??.??"]
[WhiteTeam "SG Solingen"]
[BlackTeam "SG Solingen"]

1. c4 e5 2. g3 Nf6 3. Bg2 Nc6 4. Nc3 Bc5 5. e3 O-O 6. Nge2 d6 7. O-O Bf5 8. d4
exd4 9. exd4 Bb6 10. Be3 Ng4 11. Nd5 Re8 12. Qd2 Rb8 13. b4 a6 14. c5 Ba7 15.
Rfe1 Nxe3 16. Nxe3 Bg6 17. Qc3 dxc5 18. dxc5 Qd3 19. a3 Ne5 20. Rad1 Qxc3 21.
Nxc3 c6 22. Ne4 Bxe4 23. Bxe4 Rbd8 24. Bg2 g6 25. f4 Nd3 26. Re2 a5 27. Rb1 Re7
28. Rd1 Rdd7 29. Bh3 f5 30. Rb1 axb4 31. axb4 Nxb4 32. Rxb4 Rd3 33. Reb2 Bxc5
34. Rxb7 Rdxe3 35. Kf1 Re1+ 36. Kg2 Rg1+ 37. Kf3 Re3+ 38. Kf2 Rexg3+ 39. Ke2
Rxh3 0-1

[Event "Solingen-ch 2012"]
[Site "Solingen"]
[Date "2012.09.14"]
[Round "1.13"]
[White "Porstmann, Jan"]
[Black "Schubert, Stefan"]
[Result "1-0"]
[WhiteElo "1894"]
[BlackElo "983"]
[PlyCount "47"]
[EventDate "2012.??.??"]
[WhiteTeam "SG Solingen"]
[BlackTeam "SG Solingen"]

1. e4 e5 2. Nf3 Nc6 3. Bc4 Nf6 4. d3 h6 5. c3 Bc5 6. Bb3 d5 7. exd5 Nxd5 8. O-O
Be6 9. Re1 Qf6 10. d4 Bb6 11. Nxe5 O-O 12. Nd2 Nxe5 13. Rxe5 c6 14. Ne4 Qg6 15.
Ng3 Bc7 16. Bc2 Qg4 17. Qd3 g6 18. h3 Nf4 19. Bxf4 Qxf4 20. Rxe6 Kh8 21. Re4
Qd6 22. Rh4 Kg7 23. Qd2 g5 24. Nf5+ 1-0

[Event "Solingen-ch 2012"]
[Site "Solingen"]
[Date "2012.09.14"]
[Round "1.14"]
[White "Nink, Niklas"]
[Black "Vranidis, Athanassios"]
[Result "1/2-1/2"]
[WhiteElo "978"]
[BlackElo "1870"]
[PlyCount "54"]
[EventDate "2012.??.??"]
[WhiteTeam "SG Solingen"]
[BlackTeam "SG Solingen"]

1. e4 c5 2. Nc3 Nc6 3. f4 g6 4. Nf3 Bg7 5. Bc4 e6 6. O-O Nge7 7. Bb3 O-O 8. a4
b6 9. Nb5 d5 10. e5 Nf5 11. d4 a6 12. Nd6 Nxd6 13. exd6 Qxd6 14. c3 Bb7 15. Be3
Rac8 16. Ne5 cxd4 17. cxd4 Na5 18. Rc1 Rxc1 19. Bxc1 Qb4 20. Rf3 Rc8 21. Qd2
Rxc1+ 22. Qxc1 Nxb3 23. Qc7 Qxd4+ 24. Rf2 Qd1+ 25. Rf1 Qd4+ 26. Rf2 Qd1+ 27.
Rf1 Qd4+ 1/2-1/2

[Event "Solingen-ch 2012"]
[Site "Solingen"]
[Date "2012.09.14"]
[Round "1.15"]
[White "Skiber, Friedel"]
[Black "Möller, Laura"]
[Result "1-0"]
[WhiteElo "1770"]
[BlackElo "918"]
[PlyCount "55"]
[EventDate "2012.??.??"]
[WhiteTeam "SG Solingen"]
[BlackTeam "SG Solingen"]

1. e4 e5 2. Nf3 Nc6 3. Nc3 Bc5 4. a3 Nf6 5. b4 Bd6 6. d4 O-O 7. Bg5 b6 8. b5
exd4 9. Nxd4 Ne5 10. f4 Neg4 11. Be2 Ne3 12. Qd2 Nxg2+ 13. Kf1 Be7 14. Kxg2 d5
15. Nc6 Qd7 16. h3 Re8 17. e5 Bb7 18. exf6 Bc5 19. Nxd5 Bxc6 20. bxc6 Qxc6 21.
Bf3 Rad8 22. Rad1 g6 23. Rhe1 Re6 24. Qc3 Rxe1 25. Qxe1 Re8 26. Ne7+ Rxe7 27.
fxe7 Qe8 28. Rd8 1-0

[Event "Solingen-ch 2012"]
[Site "Solingen"]
[Date "2012.09.14"]
[Round "1.16"]
[White "Littek, Oliver"]
[Black "Falge, Rainer"]
[Result "0-1"]
[WhiteElo "826"]
[BlackElo "1721"]
[PlyCount "92"]
[EventDate "2012.??.??"]
[WhiteTeam "SG Solingen"]
[BlackTeam "SG Solingen"]

1. d4 d6 2. Nf3 g6 3. e3 Bg7 4. Bd3 Nf6 5. O-O O-O 6. Nc3 c6 7. e4 Bg4 8. Bd2
Nbd7 9. Qe2 e5 10. h3 Bxf3 11. Qxf3 exd4 12. Ne2 Ne5 13. Qg3 Nh5 14. Qg5 Qxg5
15. Bxg5 Rae8 16. Nxd4 Nxd3 17. cxd3 Bxd4 18. Rfe1 Re5 19. Be3 Bxe3 20. Rxe3
Rfe8 21. f3 d5 22. Rae1 dxe4 23. Rxe4 Rxe4 24. fxe4 c5 25. Rc1 b6 26. b3 Nf4
27. Rd1 Rd8 28. Rf1 Nxd3 29. Rd1 Rd4 30. e5 Nxe5 31. Rxd4 cxd4 32. a4 d3 33.
Kf1 Kf8 34. b4 Ke7 35. a5 Kd6 36. axb6 axb6 37. g4 Kd5 38. h4 Kc4 39. h5 Kc3
40. hxg6 fxg6 41. g5 d2 42. b5 d1=Q+ 43. Kg2 Qf3+ 44. Kh2 Ng4+ 45. Kg1 Qf2+ 46.
Kh1 Qh2# 0-1

[Event "Solingen-ch 2012"]
[Site "Solingen"]
[Date "2012.09.14"]
[Round "1.18"]
[White "Schubert, Florian"]
[Black "Sherif, Amina"]
[Result "0-1"]
[WhiteElo "750"]
[BlackElo "1565"]
[PlyCount "58"]
[EventDate "2012.??.??"]
[WhiteTeam "SG Solingen"]
[BlackTeam "SG Solingen"]

1. e4 c5 2. d4 cxd4 3. g3 Nc6 4. Bg2 Nf6 5. Ne2 e5 6. O-O Be7 7. Re1 O-O 8. Nd2
d6 9. Nc4 Be6 10. Bd2 Bxc4 11. b3 Be6 12. c4 dxc3 13. Bxc3 Qb6 14. Bd2 Ng4 15.
Rf1 Rfd8 16. h3 Nf6 17. Rc1 d5 18. Nc3 dxe4 19. Nxe4 Nxe4 20. Bxe4 h6 21. Bb1
Bxh3 22. Qc2 g6 23. Rfe1 h5 24. Qb2 Bb4 25. Bxb4 Qxb4 26. a3 Qd4 27. Qxd4 Nxd4
28. Rxe5 Nf3+ 29. Kh1 Nxe5 0-1

[Event "Solingen-ch 2012"]
[Site "Solingen"]
[Date "2012.09.28"]
[Round "2.1"]
[White "Boschek, Dr. Hans-Joachim"]
[Black "Berg, Michael"]
[Result "0-1"]
[WhiteElo "1931"]
[BlackElo "2311"]
[PlyCount "108"]
[EventDate "2012.??.??"]
[WhiteTeam "SV 1922 Hilden"]
[BlackTeam "SG Solingen"]

1. d4 Nf6 2. c4 g6 3. Nc3 Bg7 4. e4 d6 5. Be2 O-O 6. Nf3 e5 7. O-O Nc6 8. dxe5
Nxe5 9. Nxe5 dxe5 10. Bg5 c6 11. Qxd8 Rxd8 12. Rfd1 Re8 13. Rd6 Be6 14. Rad1 h6
15. Bh4 Nh7 16. Na4 Bf8 17. Rd8 Ng5 18. Rxa8 Rxa8 19. f3 Be7 20. Bf2 b6 21. Be3
f5 22. exf5 Bxf5 23. Nc3 h5 24. f4 exf4 25. Bxf4 Re8 26. Bd3 Bc5+ 27. Kf1 Bxd3+
28. Rxd3 Rf8 29. Ne2 Ne6 30. Rf3 g5 31. Be5 Rxf3+ 32. gxf3 Kf7 33. f4 Kg6 34.
fxg5 Kxg5 35. Kg2 Kf5 36. Bb8 a6 37. Ng3+ Kg6 38. Ne4 Bd4 39. b3 b5 40. cxb5
axb5 41. Bd6 Kf5 42. Ng3+ Kg4 43. h3+ Kg5 44. Be7+ Kg6 45. Kf3 Ng5+ 46. Kg2 Be5
47. a4 Ne6 48. axb5 cxb5 49. Ne2 Kf7 50. Bb4 Kg6 51. Bc3 Bd6 52. Bd2 Kf5 53.
Ng3+ Bxg3 54. Kxg3 Nc5 0-1

[Event "Solingen-ch 2012"]
[Site "Solingen"]
[Date "2012.09.28"]
[Round "2.2"]
[White "Kniest, Oliver"]
[Black "Winkler, Fabian"]
[Result "1-0"]
[WhiteElo "2289"]
[BlackElo "1976"]
[PlyCount "59"]
[EventDate "2012.??.??"]
[WhiteTeam "SG Solingen"]
[BlackTeam "SG Solingen"]

1. c4 Nf6 2. Nc3 d6 3. d4 Nbd7 4. e4 e5 5. Nf3 c6 6. Be2 Be7 7. O-O O-O 8. Be3
a6 9. d5 Qc7 10. Nd2 Re8 11. Rc1 c5 12. g3 Nf8 13. f4 Bd7 14. f5 Reb8 15. a4
Qd8 16. g4 Ne8 17. Nf3 f6 18. h4 Nc7 19. Bxc5 b5 20. Be3 bxc4 21. Nd2 Rxb2 22.
Nxc4 Rb4 23. Bb6 Qb8 24. a5 Bb5 25. Na2 Ra4 26. Qb3 Nd7 27. Nc3 Nxb6 28. Nxb6
Bxe2 29. Qxa4 Bxf1 30. Nxa8 1-0

[Event "Solingen-ch 2012"]
[Site "Solingen"]
[Date "2012.09.28"]
[Round "2.4"]
[White "Kappelt, Jörg"]
[Black "Große-Hering, Peter"]
[Result "1-0"]
[WhiteElo "2174"]
[BlackElo "1928"]
[PlyCount "99"]
[EventDate "2012.??.??"]
[WhiteTeam "SV 1922 Hilden"]
[BlackTeam "SV Horst-Emscher 31"]

1. b3 d6 2. Bb2 e5 3. e3 Nf6 4. c4 g6 5. Nc3 Bg7 6. Be2 O-O 7. d3 c6 8. Nf3 Re8
9. O-O Nbd7 10. d4 e4 11. Nd2 Nf8 12. b4 h5 13. Nb3 N8h7 14. d5 Ng4 15. dxc6
bxc6 16. Nd4 Qh4 17. Bxg4 hxg4 18. Qe1 Qh5 19. Nde2 Ng5 20. Nf4 Qh6 21. Qc1
Nf3+ 22. gxf3 gxf3 23. Kh1 Bf5 24. Rg1 Be5 25. Rg3 Kg7 26. Qg1 Rh8 27. Rg5 Kf6
28. Rd1 Ke7 29. c5 Rh7 30. Ncd5+ cxd5 31. Nxd5+ Kf8 32. Bxe5 dxe5 33. Nf6 Rh8
34. Rd6 Bh3 35. Qg3 Kg7 36. Qxe5 Bg2+ 37. Kg1 Qxh2+ 38. Qxh2 Rxh2 39. Kxh2 Rh8+
40. Kg3 Rh3+ 41. Kf4 Rh4+ 42. Ke5 Kh6 43. c6 Kxg5 44. Nxe4+ Kh6 45. Nf6 Rxb4
46. Rd8 Kg7 47. Rg8+ Kh6 48. c7 Rb5+ 49. Nd5 Rc5 50. c8=Q 1-0

[Event "Solingen-ch 2012"]
[Site "Solingen"]
[Date "2012.09.28"]
[Round "2.5"]
[White "Falge, Rainer"]
[Black "Görke, Joachim"]
[Result "1-0"]
[WhiteElo "1721"]
[BlackElo "2149"]
[PlyCount "75"]
[EventDate "2012.??.??"]
[WhiteTeam "SG Solingen"]
[BlackTeam "SG Solingen"]

1. e4 c5 2. Nf3 Nc6 3. d4 cxd4 4. Nxd4 g6 5. Bc4 Nf6 6. Nc3 Bg7 7. O-O O-O 8.
Be3 Nxe4 9. Nxe4 d5 10. Nxc6 bxc6 11. Bd3 dxe4 12. Bxe4 Qc7 13. Qf3 Bb7 14. c3
f5 15. Bc2 c5 16. Bb3+ c4 17. Bxc4+ Kh8 18. Bd5 Rab8 19. Bxa7 Bxd5 20. Bxb8
Qxb8 21. Qxd5 Qxb2 22. c4 Qa3 23. Rae1 e5 24. c5 Qa5 25. Rc1 Rd8 26. Qb3 Bh6
27. Qb6 Qa8 28. Rcd1 Rg8 29. c6 f4 30. c7 Bg5 31. Rb1 f3 32. Qb8 fxg2 33. Rfd1
Qa6 34. Qxg8+ Kxg8 35. Rb8+ Kg7 36. c8=Q Qf1+ 37. Rxf1 gxf1=Q+ 38. Kxf1 1-0

[Event "Solingen-ch 2012"]
[Site "Solingen"]
[Date "2012.09.28"]
[Round "2.6"]
[White "Neumair, Jerome"]
[Black "Porstmann, Jan"]
[Result "1-0"]
[WhiteElo "2077"]
[BlackElo "1894"]
[PlyCount "79"]
[EventDate "2012.??.??"]
[WhiteTeam "SG Solingen"]
[BlackTeam "SG Solingen"]

1. d4 d5 2. c4 e6 3. Nc3 Be7 4. Nf3 Nf6 5. cxd5 exd5 6. Bg5 Nbd7 7. e3 h6 8.
Bh4 O-O 9. Bd3 c5 10. Rc1 b6 11. O-O Bb7 12. Bb1 Rc8 13. Qd3 Re8 14. Rfd1 Ne4
15. Bxe7 Rxe7 16. Nd2 Ndf6 17. dxc5 Nxc5 18. Qf5 Rd7 19. Nf3 Nce4 20. Bxe4 Nxe4
21. Ne5 Rdc7 22. f3 Nxc3 23. Rxc3 Re7 24. Rxc8 Bxc8 25. Qf4 Rc7 26. Qd4 Be6 27.
e4 Rc5 28. b4 Rc2 29. exd5 Qg5 30. g3 Bh3 31. Qf4 Qe7 32. d6 Qe8 33. g4 f6 34.
d7 Qd8 35. Ng6 b5 36. Qd4 Rc7 37. Nf4 f5 38. Ne6 Rc4 39. Nxd8 Rxd4 40. Rxd4 1-0

[Event "Solingen-ch 2012"]
[Site "Solingen"]
[Date "2012.09.28"]
[Round "2.7"]
[White "Sherif, Amina"]
[Black "Speck, Stefan"]
[Result "0-1"]
[WhiteElo "1565"]
[BlackElo "1994"]
[PlyCount "88"]
[EventDate "2012.??.??"]
[WhiteTeam "SG Solingen"]
[BlackTeam "SC Solingen 1928"]

1. Nf3 d6 2. g3 f5 3. Bg2 e5 4. d3 Nf6 5. c4 Nc6 6. Nc3 Be7 7. a3 O-O 8. O-O
Qe8 9. e3 Bd8 10. Re1 Ne7 11. b4 Ng6 12. Bb2 Rb8 13. Rc1 c6 14. Qb3 Kh8 15. b5
c5 16. a4 h6 17. Nd2 Qf7 18. Rf1 Ne7 19. Ne2 Qh5 20. Bf3 Ng4 21. Bxg4 Qxg4 22.
Qd1 f4 23. exf4 exf4 24. f3 Qg6 25. Ne4 b6 26. Qd2 fxg3 27. N2xg3 Bc7 28. Kh1
d5 29. cxd5 Nxd5 30. Rg1 Rf7 31. Rcf1 Bh3 32. Rf2 Bf4 33. Ne2 Qxg1+ 34. Nxg1
Bxd2 35. Rxd2 Be6 36. Be5 Rd8 37. Nd6 Rfd7 38. Rg2 Kh7 39. Ne4 Ne3 40. Rg3 Nf5
41. Rg2 Rxd3 42. h4 R3d5 43. Bb2 Nd4 44. Nh3 Bxh3 0-1

[Event "Solingen-ch 2012"]
[Site "Solingen"]
[Date "2012.09.28"]
[Round "2.8"]
[White "Zolfagharian, Kevin"]
[Black "Skiber, Friedel"]
[Result "1-0"]
[WhiteElo "1981"]
[BlackElo "1770"]
[PlyCount "79"]
[EventDate "2012.??.??"]
[WhiteTeam "SG Solingen"]
[BlackTeam "SG Solingen"]

1. e4 d6 2. d4 Nf6 3. Nc3 g6 4. Nf3 Bg7 5. Be3 Ng4 6. Bg5 h6 7. Bh4 g5 8. Bg3
Nd7 9. h3 Ngf6 10. e5 Nh5 11. Bh2 a6 12. Bc4 Nb6 13. Bb3 d5 14. a4 a5 15. Nd2
Nf4 16. Bxf4 gxf4 17. Qf3 Be6 18. Qxf4 h5 19. Qh4 f6 20. f4 Qd7 21. Nf1 Nc4 22.
Bxc4 dxc4 23. O-O-O c6 24. Ne3 O-O-O 25. d5 cxd5 26. Nexd5 Bxd5 27. Nxd5 Kb8
28. Nc3 Qf5 29. Rde1 Rd4 30. Rhf1 Rhd8 31. Re2 Bh6 32. Ref2 fxe5 33. Qxe7 Bxf4+
34. Kb1 R4d7 35. Qc5 Rd2 36. Rxd2 Rxd2 37. Rc1 Bh6 38. Nb5 Qh7 39. Qa7+ Kc8 40.
Qa8+ 1-0

[Event "Solingen-ch 2012"]
[Site "Solingen"]
[Date "2012.09.28"]
[Round "2.9"]
[White "Vranidis, Athanassios"]
[Black "Mentzel, Markus"]
[Result "1/2-1/2"]
[WhiteElo "1870"]
[BlackElo "1874"]
[PlyCount "67"]
[EventDate "2012.??.??"]
[WhiteTeam "SG Solingen"]
[BlackTeam "vereinslos"]

1. d4 Nf6 2. c4 e6 3. Nc3 c5 4. d5 exd5 5. cxd5 d6 6. e4 g6 7. h3 Bg7 8. Nf3
O-O 9. Bd3 Nh5 10. O-O a6 11. a4 Nd7 12. Be3 Re8 13. Qd2 Ne5 14. Nxe5 Bxe5 15.
f4 Bg7 16. Qf2 f5 17. e5 dxe5 18. fxe5 Bxe5 19. Bxc5 Bd7 20. Bc4 Rc8 21. Ba2
Nf6 22. Rfe1 Bxc3 23. bxc3 Ne4 24. d6+ Be6 25. Rxe4 fxe4 26. Rd1 Rxc5 27. Bxe6+
Rxe6 28. Qxc5 e3 29. d7 e2 30. Re1 Qxd7 31. Qc4 Kg7 32. Rxe2 Rxe2 33. Qxe2 Qxa4
34. Qe7+ 1/2-1/2

[Event "Solingen-ch 2012"]
[Site "Solingen"]
[Date "2012.09.28"]
[Round "2.10"]
[White "Rist, Kurt"]
[Black "Sherif, Malik"]
[Result "1-0"]
[WhiteElo "1665"]
[BlackElo "1361"]
[PlyCount "39"]
[EventDate "2012.??.??"]
[WhiteTeam "SG Solingen"]
[BlackTeam "SG Solingen"]

1. e4 c5 2. Nf3 Nc6 3. Bc4 Nf6 4. Nc3 e6 5. d4 cxd4 6. Nxd4 Qb6 7. Nxc6 bxc6 8.
Qe2 Be7 9. Bb3 Ba6 10. Qf3 d5 11. exd5 exd5 12. Be3 Qd8 13. O-O-O Bc8 14. Ba4
Qc7 15. Nxd5 Nxd5 16. Qxd5 Bd7 17. Qe4 f5 18. Rxd7 Qxd7 19. Qxc6 Rd8 20. Qc4
1-0

[Event "Solingen-ch 2012"]
[Site "Solingen"]
[Date "2012.09.28"]
[Round "2.11"]
[White "Nguyen, Philipp"]
[Black "Nink, Niklas"]
[Result "0-1"]
[WhiteElo "1527"]
[BlackElo "978"]
[PlyCount "120"]
[EventDate "2012.??.??"]
[WhiteTeam "SG Solingen"]
[BlackTeam "SG Solingen"]

1. e4 c5 2. Nf3 d6 3. d4 cxd4 4. Nxd4 Nf6 5. Nc3 a6 6. Bg5 e6 7. f4 h6 8. Bh4
Be7 9. Bf2 O-O 10. Be2 Nc6 11. Bf3 Qc7 12. g4 e5 13. fxe5 dxe5 14. Nf5 Rd8 15.
Nd5 Qa5+ 16. Qd2 Qxd2+ 17. Kxd2 Nxd5 18. exd5 Bg5+ 19. Ke2 Ne7 20. Nxe7+ Bxe7
21. Rad1 f5 22. gxf5 Bxf5 23. d6 Rxd6 24. Rxd6 Bxd6 25. Bxb7 Rb8 26. Bd5+ Kf8
27. Bb3 Rc8 28. c3 e4 29. Bd4 Ke7 30. Bxg7 Bf4 31. Rf1 Bg4+ 32. Ke1 Bf3 33. Bd5
Bxh2 34. Bxh6 Rh8 35. Be3 Bg3+ 36. Kd2 Rh2+ 37. Kc1 Kd6 38. Bc4 a5 39. Rg1 Bf2
40. Bf4+ Kc5 41. Rg5+ Kxc4 42. Bxh2 Be3+ 43. Kc2 Bxg5 44. b3+ Kc5 45. Bg1+ Kd6
46. a4 e3 47. Kd3 e2 48. Bf2 Ke5 49. c4 Kf4 50. Be1 Bd8 51. c5 Bg4 52. Kd4 Kf3
53. Kd5 Kg2 54. Kd6 Kf1 55. Bd2 e1=Q 56. Bxe1 Kxe1 57. c6 Kd2 58. c7 Bg5 59.
Kc5 Be7+ 60. Kb6 Bb4 0-1

[Event "Solingen-ch 2012"]
[Site "Solingen"]
[Date "2012.09.28"]
[Round "2.12"]
[White "Nettekoven, Dr. Wolfgang"]
[Black "Kopernok, Ingo"]
[Result "1-0"]
[WhiteElo "1776"]
[BlackElo "824"]
[PlyCount "43"]
[EventDate "2012.??.??"]
[WhiteTeam "Pulheimer SC"]
[BlackTeam "SG Solingen"]

1. e4 d6 2. d4 Nf6 3. Nc3 g6 4. Nf3 Bg7 5. Bc4 O-O 6. O-O Nxe4 7. Nxe4 d5 8.
Bd3 dxe4 9. Bxe4 c6 10. c3 Bg4 11. Qb3 Qd7 12. Ne5 Bxe5 13. dxe5 e6 14. Bh6 Rd8
15. f3 Bf5 16. Rad1 Qe7 17. Rxd8+ Qxd8 18. Qxb7 Nd7 19. Bxc6 Rb8 20. Qxd7 Qb6+
21. Kh1 Rd8 22. Qe7 1-0

[Event "Solingen-ch 2012"]
[Site "Solingen"]
[Date "2012.09.28"]
[Round "2.13"]
[White "Barche, Uwe"]
[Black "Maj, Kornel"]
[Result "0-1"]
[WhiteElo "1112"]
[BlackElo "1755"]
[PlyCount "64"]
[EventDate "2012.??.??"]
[WhiteTeam "SG Solingen"]
[BlackTeam "ESG 1851"]

1. c4 Nf6 2. g3 g6 3. Bg2 Bg7 4. e4 d6 5. Nc3 O-O 6. Nge2 c5 7. O-O Nc6 8. d3
Rb8 9. a3 Ne8 10. Rb1 Nc7 11. Bd2 Ne6 12. Be3 Ned4 13. Nxd4 cxd4 14. Nb5 dxe3
15. fxe3 a6 16. Nc3 b5 17. e5 Nxe5 18. cxb5 axb5 19. d4 Nd7 20. Qb3 Nf6 21.
Nxb5 Ba6 22. a4 Qb6 23. Rbc1 Bxb5 24. axb5 Qxb5 25. Qxb5 Rxb5 26. Rc2 Rfb8 27.
Rc7 e6 28. e4 e5 29. Rd1 Rxb2 30. dxe5 dxe5 31. h4 Ng4 32. Rdd7 Rf8 0-1